LEADER 01085nam0-2200337---450- 001 990009582630403321 005 20120719155017.0 010 $a9637441964 035 $a000958263 035 $aFED01000958263 035 $a(Aleph)000958263FED01 035 $a000958263 100 $a20120529d2004----km-y0itay50------ba 101 0 $aeng 102 $aHU 105 $aa---b---001yy 200 1 $a17th century Italian drawings in the Budapest Museum of Fine Arts$fa complete catalogue by Andrea Czére 210 $aBudapest$cSzépm?vészeti Múzeum$d2004 215 $a348 p.$cill.$d33 cm 610 0 $aDisegni$aItaliani$aSec. 17.$aCollezioni 610 0 $aBudapest$aMuseo di Belle Arti$aCataloghi 676 $a741.092 702 1$aCzére,$bAndrea 710 02$aSzépmúvészeti Müzeum$c$0483875 801 0$aIT$bUNINA$gRICA$2UNIMARC 901 $aBK 912 $a990009582630403321 952 $a741.092 CATALOGHI 2$b59513 Bibl.$fFLFBC 959 $aFLFBC 996 $a17th century Italian drawings in the Budapest Museum of Fine Arts$9845521 997 $aUNINA LEADER 01138nam0-22003371i-450- 001 990007394280403321 005 20051227110310.0 010 $a3-7001-1919-4 035 $a000739428 035 $aFED01000739428 035 $a(Aleph)000739428FED01 035 $a000739428 100 $a20030220d1991----km-y0itay50------ba 101 0 $ager 102 $aAT 105 $aak--a---001yy 200 1 $a<>Bizantinischen Mosaikikonen$h1$i<> grossformatigen Ikonen$fOtto Demus 210 $aWien$cÖsterreichische Akademie der Wissenschaften$d1991 215 $a72 p. [24] p. f.t.$c14 tav. a col. in piena pag.; 33 illustr. in b. e n.$d30 cm 225 1 $aVeröffentlichungen der Kommission für Bizantinistik$v5 225 1 $aDenkschriften$fÖsterreichische Akademie der Wissenschaften$v224 610 0 $aArte bizantina - Mosaico - Icone sacre 676 $a755$v21$zita 700 1$aDemus,$bOtto$037816 801 0$aIT$bUNINA$gRICA$2UNIMARC 901 $aBK 912 $a990007394280403321 952 $a755 DEM 1$bBibl. 45550$fFLFBC 959 $aFLFBC 996 $aBizantinischen Mosaikikonen$9691791 997 $aUNINA